000 01316nam a2200325Ia 4500
001 ebr10175720
003 CaPaEBR
006 m u
007 cr cn|||||||||
008 070222s2007 enk sb 001 0 eng d
020 _z9781403977922 (hbk.)
020 _z1403977925 (hbk.)
040 _aCaPaEBR
_cCaPaEBR
035 _a(OCoLC)462999572
050 1 4 _aPS228.S63
_bG36 2007eb
082 0 4 _a810.9355
_222
100 1 _aGandal, Keith.
245 1 0 _aClass representation in modern fiction and film
_h[electronic resource] /
_cKeith Gandal.
260 _aBasingstoke :
_bPalgrave Macmillan,
_cc2007.
300 _ax, 226 p.
504 _aIncludes bibliographical references and index.
533 _aElectronic reproduction.
_bPalo Alto, Calif. :
_cebrary,
_d2009.
_nAvailable via World Wide Web.
_nAccess may be limited to ebrary affiliated libraries.
650 0 _aSocial classes in literature.
650 0 _aSocial classes in motion pictures.
650 0 _aAmerican literature
_y19th century
_xHistory and criticism.
650 0 _aAmerican literature
_y20th century
_xHistory and criticism.
655 7 _aElectronic books.
_2local
710 2 _aebrary, Inc.
856 4 0 _uhttp://site.ebrary.com/lib/rucke/Doc?id=10175720
_zAn electronic book accessible through the World Wide Web; click to view
999 _c237976
_d237976